000
00295nam a22001337a 4500
008
190205b xxu||||| |||| 00| 0 eng d
041
_a
eng
080
_a
371
082
_a
371
100
_a
25
101
_a
EDU
245
_a
The care and feeding of ideas
_c
Adams L.James
942
_2
udc
_c
BK
999
_c
53979
_d
53979